000 00464cam a2200181ua 4500
020 _c25.00
041 _aeng
_h
082 _a633.081
_bSHI/IN
100 _aShivraj, A .
245 _aIntroduction to physiology of field crops /
_cA Shivraj.
_hTextual Documents
250 _a1 /
_b.
260 _aNew Delhi :
_bOxford & IBH Publishing company ,
_c1978.
300 _a272 ; .
365 _a25.00
504 _a
942 _cBK
999 _c7279
_d7279